[Event "SRB-ch Semifinal 2021"]
[Site "Paracin"]
[Date "2021.03.21"]
[Round "8.5"]
[White "Arsovic, Zoran"]
[Black "Sredojevic, Ivan"]
[Result "1-0"]
[WhiteElo "2374"]
[BlackElo "2288"]
[Annotator "ChessBase"]
[PlyCount "55"]
[EventDate "2021.03.16"]
[EventType "swiss"]
[EventCountry "SRB"]
[SourceTitle "playchess.com"]
[Source "ChessBase"]
[SourceQuality "1"]
[TimeControl "40/5400+30:1800+30"]

1. Nf3 {[%emt 0:00:00]} d6 {[%emt 0:00:00]} 2. d4 {[%emt 0:00:08]} Nf6 {[%emt 0:00:00]} 3. g3 {[%emt 0:00:36]} g6 {[%emt 0:00:35]} 4. Bg2 {[%emt 0:00:34]} Bg7 {[%emt 0:00:05]} 5. O-O {[%emt 0:00:15]} O-O {[%emt 0:00:03]} 6. Re1 {[%emt 0:00:24]} Nbd7 {[%emt 0:09:01]} 7. e4 {[%emt 0:01:40]} e5 {[%emt 0:03:49]} 8. Nc3 {[%emt 0:00:52]} Re8 {[%emt 0:00:51]} 9. a4 {[%emt 0:01:31]} a5 {[%emt 0:03:11]} 10. h3 {[%emt 0:01:09]} c6 {[%emt 0:00:30]} 11. Be3 {[%emt 0:00:30]} Qc7 {[%emt 0:07:11]} 12. Qd2 {[%emt 0:07:48]} b6 {[%emt 0:12:26]} 13. Rad1 {[%emt 0:13:09]} Bb7 {[%emt 0:01:18]} 14. Nh2 {[%emt 0:12:44]} Rad8 {[%emt 0:05:22]} 15. f4 {[%emt 0:07:26]} Nh5 {[%emt 0:03:23]} 16. Qf2 {[%emt 0:06:47]} exd4 {[%emt 0:08:50]} 17. Bxd4 {[%emt 0:00:48]} Bxd4 {[%emt 0:00:05]} 18. Qxd4 {[%emt 0:06:39]} Ndf6 {[%emt 0:08:09]} 19. g4 {[%emt 0:09:42]} c5 {[%emt 0:01:00]} 20. Qf2 {[%emt 0:01:47]} Ng7 {[%emt 0:00:13]} 21. Qh4 {[%emt 0:00:54]} Qe7 {[%emt 0:05:38]} 22. e5 {[%emt 0:02:32]} dxe5 {[%emt 0:00:54]} 23. Bxb7 {[%emt 0:00:16]} Rxd1 {[%emt 0:00:13]} 24. Nxd1 e4 25. Bc6 {[%emt 0:05:00]} Rd8 {[%emt 0:06:43]} 26. Nc3 {[%emt 0:01:31]} Qd6 {[%emt 0:01:13]} 27. Rd1 Qe7 {[%emt 0:00:08]} 28. Nd5 {[%emt 0:03:03]} 1-0

[Event "SRB-ch Semifinal 2021"]
[Site "Paracin"]
[Date "2021.03.21"]
[Round "8.6"]
[White "Drazic, Sinisa"]
[Black "Ivanovic, Marko"]
[Result "1-0"]
[WhiteElo "2334"]
[BlackElo "2274"]
[Annotator "ChessBase"]
[PlyCount "57"]
[EventDate "2021.03.16"]
[EventType "swiss"]
[EventCountry "SRB"]
[SourceTitle "playchess.com"]
[Source "ChessBase"]
[SourceQuality "1"]
[TimeControl "40/5400+30:1800+30"]

1. e4 {[%emt 0:00:00]} e5 {[%emt 0:04:52]} 2. Nf3 {[%emt 0:00:00]} Nc6 {[%emt 0:00:06]} 3. d4 {[%emt 0:00:00]} exd4 {[%emt 0:00:04]} 4. Nxd4 {[%emt 0:00:00]} Bc5 {[%emt 0:00:03]} 5. Be3 {[%emt 0:00:00]} Qf6 {[%emt 0:00:06]} 6. c3 {[%emt 0:00:00]} Nge7 {[%emt 0:02:46]} 7. Nc2 {[%emt 0:01:57]} Bb6 {[%emt 0:03:18]} 8. Nba3 {[%emt 0:03:23]} Qg6 {[%emt 0:01:41]} 9. Nb5 {[%emt 0:01:32]} O-O {[%emt 0:10:41]} 10. Bxb6 {[%emt 0:00:44]} axb6 {[%emt 0:00:18]} 11. Nxc7 {[%emt 0:01:18]} Ra5 {[%emt 0:01:41]} 12. f3 {[%emt 0:12:06]} Re5 {[%emt 0:13:04]} 13. Qd2 {[%emt 0:09:51]} d5 {[%emt 0:00:13]} 14. O-O-O {[%emt 0:12:19]} dxe4 {[%emt 0:01:30]} 15. b4 {[%emt 0:06:07]} e3 {[%emt 0:31:41]} 16. Nxe3 {[%emt 0:00:30]} Nxb4 {[%emt 0:02:29]} 17. cxb4 {[%emt 0:01:59]} Qc6+ {[%emt 0:00:06]} 18. Nc4 {[%emt 0:03:45]} b5 {[%emt 0:07:42]} 19. Qd6 {[%emt 0:02:07]} bxc4 {[%emt 0:04:30]} 20. Qxe5 {[%emt 0:00:44]} Ng6 {[%emt 0:00:07]} 21. Qc5 {[%emt 0:05:08]} Qa4 {[%emt 0:00:33]} 22. Qa5 {[%emt 0:00:57]} Qc6 {[%emt 0:00:12]} 23. Qc5 {[%emt 0:00:58]} Qa4 {[%emt 0:00:04]} 24. Bxc4 {[%emt 0:02:04]} Qa3+ {[%emt 0:00:22]} 25. Kb1 {[%emt 0:01:05]} b6 {[%emt 0:00:08]} 26. Nb5 {[%emt 0:01:10]} Qa4 {[%emt 0:00:58]} 27. Bb3 {[%emt 0:00:53]} Qa6 {[%emt 0:00:30]} 28. Qh5 {[%emt 0:01:18]} Ne7 {[%emt 0:01:59]} 29. Qxf7+ {[%emt 0:00:22]} 1-0

[Event "SRB-ch Semifinal 2021"]
[Site "Paracin"]
[Date "2021.03.21"]
[Round "8.7"]
[White "Perunovic, Miodrag"]
[Black "Ratkovic, Milovan"]
[Result "1-0"]
[WhiteElo "2428"]
[BlackElo "2462"]
[Annotator "ChessBase"]
[PlyCount "59"]
[EventDate "2021.03.16"]
[EventType "swiss"]
[EventCountry "SRB"]
[SourceTitle "playchess.com"]
[Source "ChessBase"]
[SourceQuality "1"]
[TimeControl "40/5400+30:1800+30"]

1. e4 {[%emt 0:00:00]} c5 {[%emt 0:00:00]} 2. Nc3 {[%emt 0:00:00]} a6 {[%emt 0:00:13]} 3. Nge2 {[%emt 0:00:02]} b5 {[%emt 0:01:32]} 4. g3 {[%emt 0:00:03]} Bb7 {[%emt 0:00:32]} 5. Bg2 {[%emt 0:00:03]} e6 {[%emt 0:01:26]} 6. d4 {[%emt 0:00:07]} cxd4 {[%emt 0:01:56]} 7. Nxd4 {[%emt 0:00:02]} Nf6 {[%emt 0:02:10]} 8. O-O {[%emt 0:00:03]} d6 {[%emt 0:20:57]} 9. Re1 {[%emt 0:00:02]} e5 {[%emt 0:06:50]} 10. Nf5 {[%emt 0:01:16]} g6 {[%emt 0:02:58]} 11. Ne3 {[%emt 0:02:13]} Bg7 {[%emt 0:05:21]} 12. a4 {[%emt 0:00:05]} O-O {[%emt 0:03:35]} 13. axb5 {[%emt 0:00:28]} axb5 {[%emt 0:00:23]} 14. Rxa8 {[%emt 0:00:02]} Bxa8 {[%emt 0:00:08]} 15. Nxb5 {[%emt 0:00:04]} Nxe4 {[%emt 0:02:23]} 16. Nxd6 {[%emt 0:01:45]} Nxd6 {[%emt 0:05:31]} 17. Bxa8 {[%emt 0:00:01]} Na6 {[%emt 0:01:07]} 18. Bg2 {[%emt 0:01:13]} e4 {[%emt 0:03:31]} 19. Nd5 {[%emt 0:03:40]} Re8 {[%emt 0:04:34]} 20. b3 {[%emt 0:02:29]} Nc5 {[%emt 0:08:51]} 21. Ba3 {[%emt 0:00:32]} Ncb7 {[%emt 0:06:56]} 22. c4 {[%emt 0:00:46]} Kh8 {[%emt 0:00:34]} 23. Qd2 {[%emt 0:00:58]} f5 {[%emt 0:02:38]} 24. Bb2 {[%emt 0:00:58]} Qd7 {[%emt 0:00:15]} 25. Nf6 {[%emt 0:00:34]} Bxf6 {[%emt 0:00:14]} 26. Bxf6+ {[%emt 0:00:02]} Kg8 {[%emt 0:00:01]} 27. Bb2 {[%emt 0:01:20]} Qf7 {[%emt 0:03:11]} 28. Qd4 {[%emt 0:00:27]} Kf8 {[%emt 0:00:12]} 29. Ba3 {[%emt 0:01:09]} Re6 {[%emt 0:00:12]} 30. Rd1 {[%emt 0:00:40]} 1-0

[Event "SRB-ch Semifinal 2021"]
[Site "Paracin"]
[Date "2021.03.21"]
[Round "8.8"]
[White "Irizanin, Radoje"]
[Black "Tadic, Stefan"]
[Result "0-1"]
[WhiteElo "2343"]
[BlackElo "2419"]
[Annotator "ChessBase"]
[PlyCount "74"]
[EventDate "2021.03.16"]
[EventType "swiss"]
[EventCountry "SRB"]
[SourceTitle "playchess.com"]
[Source "ChessBase"]
[SourceQuality "1"]
[TimeControl "40/5400+30:1800+30"]

1. d4 {[%emt 0:00:00]} Nf6 {[%emt 0:00:00]} 2. Bg5 {[%emt 0:00:06]} e6 {[%emt 0:00:00]} 3. e3 {[%emt 0:00:44]} h6 {[%emt 0:00:05]} 4. Bh4 {[%emt 0:00:32]} c5 {[%emt 0:00:05]} 5. Nd2 {[%emt 0:01:15]} Nc6 {[%emt 0:00:40]} 6. c3 {[%emt 0:00:58]} d5 {[%emt 0:00:21]} 7. f4 {[%emt 0:08:01]} Qb6 {[%emt 0:02:44]} 8. Rb1 {[%emt 0:02:00]} cxd4 {[%emt 0:01:23]} 9. exd4 {[%emt 0:01:08]} Bd6 {[%emt 0:01:21]} 10. Qf3 {[%emt 0:04:22]} Qc7 {[%emt 0:03:23]} 11. Nh3 {[%emt 0:02:21]} Ne7 {[%emt 0:09:42]} 12. Bd3 {[%emt 0:02:44]} Bd7 {[%emt 0:02:47]} 13. O-O {[%emt 0:03:19]} O-O-O {[%emt 0:18:04]} 14. b4 {[%emt 0:10:38]} Kb8 {[%emt 0:04:40]} 15. b5 {[%emt 0:04:32]} Rdg8 {[%emt 0:26:13]} 16. Bxf6 {[%emt 0:14:08]} gxf6 {[%emt 0:00:01]} 17. c4 {[%emt 0:05:31]} dxc4 {[%emt 0:04:34]} 18. Nxc4 {[%emt 0:00:23]} Nf5 {[%emt 0:02:25]} 19. Nxd6 {[%emt 0:02:23]} Nxd6 {[%emt 0:02:30]} 20. Nf2 {[%emt 0:03:53]} h5 {[%emt 0:02:54]} 21. Kh1 {[%emt 0:01:57]} f5 {[%emt 0:00:28]} 22. a4 {[%emt 0:02:18]} h4 {[%emt 0:01:45]} 23. Rfc1 {[%emt 0:04:42]} Qb6 {[%emt 0:01:35]} 24. Qe3 {[%emt 0:02:50]} Rc8 {[%emt 0:00:13]} 25. a5 {[%emt 0:02:44]} Qxa5 {[%emt 0:02:17]} 26. Qe5 {[%emt 0:00:35]} Qb6 {[%emt 0:05:10]} 27. Rc5 {[%emt 0:04:45]} Rhf8 {[%emt 0:01:12]} 28. Rbc1 {[%emt 0:01:54]} f6 {[%emt 0:00:07]} 29. Qe2 {[%emt 0:01:08]} Nxb5 {[%emt 0:03:31]} 30. Qb2 {[%emt 0:05:15]} Nd6 {[%emt 0:00:44]} 31. Qa3 {[%emt 0:01:07]} a6 {[%emt 0:01:23]} 32. Ra1 {[%emt 0:01:35]} Nb5 {[%emt 0:00:14]} 33. Qb4 {[%emt 0:00:51]} Rg8 {[%emt 0:00:43]} 34. Bf1 {[%emt 0:01:58]} Bc6 {[%emt 0:00:40]} 35. Qb1 {[%emt 0:02:22]} Rcd8 {[%emt 0:00:35]} 36. Qb2 {[%emt 0:00:42]} Rxd4 {[%emt 0:01:12]} 37. Bxb5 {[%emt 0:00:25]} Bxg2+ {[%emt 0:00:27]} 0-1

[Event "SRB-ch Semifinal 2021"]
[Site "Paracin"]
[Date "2021.03.21"]
[Round "8.9"]
[White "Mijatovic, Dusan"]
[Black "Zegarac, Vuk"]
[Result "0-1"]
[WhiteElo "2246"]
[BlackElo "2386"]
[Annotator "ChessBase"]
[PlyCount "96"]
[EventDate "2021.03.16"]
[EventType "swiss"]
[EventCountry "SRB"]
[SourceTitle "playchess.com"]
[Source "ChessBase"]
[SourceQuality "1"]
[TimeControl "40/5400+30:1800+30"]

1. e4 {[%emt 0:05:19]} c6 {[%emt 0:00:00]} 2. d4 {[%emt 0:00:08]} d5 {[%emt 0:00:22]} 3. e5 {[%emt 0:00:08]} c5 {[%emt 0:00:36]} 4. dxc5 {[%emt 0:00:10]} e6 {[%emt 0:00:27]} 5. Nf3 {[%emt 0:00:10]} Bxc5 {[%emt 0:00:21]} 6. Bd3 {[%emt 0:00:11]} Ne7 {[%emt 0:00:27]} 7. O-O {[%emt 0:01:19]} Ng6 {[%emt 0:00:08]} 8. Re1 {[%emt 0:00:57]} O-O {[%emt 0:00:41]} 9. Nbd2 {[%emt 0:00:58]} Nc6 {[%emt 0:00:49]} 10. Nb3 {[%emt 0:02:16]} Bb6 {[%emt 0:00:13]} 11. Bxg6 {[%emt 0:05:08]} fxg6 {[%emt 0:01:06]} 12. Be3 {[%emt 0:00:19]} h6 {[%emt 0:02:01]} 13. Qd3 {[%emt 0:06:42]} g5 {[%emt 0:00:35]} 14. c4 {[%emt 0:11:47]} g4 {[%emt 0:12:35]} 15. Bxb6 {[%emt 0:02:55]} Qxb6 {[%emt 0:01:14]} 16. Nfd4 {[%emt 0:13:08]} Rf4 {[%emt 0:17:26]} 17. Nxc6 {[%emt 0:16:30]} bxc6 {[%emt 0:00:48]} 18. cxd5 {[%emt 0:00:37]} cxd5 {[%emt 0:00:41]} 19. Qe3 {[%emt 0:02:46]} Rb4 {[%emt 0:01:42]} 20. Rad1 {[%emt 0:08:42]} Bd7 {[%emt 0:05:27]} 21. Rd4 {[%emt 0:02:20]} a5 {[%emt 0:02:26]} 22. Rc1 {[%emt 0:02:18]} Rf8 {[%emt 0:10:33]} 23. Rxb4 {[%emt 0:02:22]} Qxb4 {[%emt 0:00:04]} 24. Qc5 {[%emt 0:02:13]} Qf4 {[%emt 0:01:23]} 25. Qd4 {[%emt 0:00:53]} Qg5 {[%emt 0:03:38]} 26. Qe3 {[%emt 0:02:38]} Qxe3 {[%emt 0:02:44]} 27. fxe3 {[%emt 0:00:03]} Rf5 {[%emt 0:00:04]} 28. Nd4 {[%emt 0:04:56]} Rxe5 {[%emt 0:00:46]} 29. Rc7 {[%emt 0:00:02]} Be8 {[%emt 0:00:28]} 30. Kf2 {[%emt 0:00:36]} Re4 {[%emt 0:01:29]} 31. Re7 {[%emt 0:02:03]} Bf7 {[%emt 0:00:51]} 32. Ra7 {[%emt 0:00:14]} e5 {[%emt 0:00:32]} 33. Nc6 {[%emt 0:00:34]} d4 {[%emt 0:02:38]} 34. exd4 {[%emt 0:01:37]} exd4 {[%emt 0:00:08]} 35. Ra8+ {[%emt 0:00:15]} Kh7 {[%emt 0:01:42]} 36. Rd8 {[%emt 0:00:49]} Bxa2 {[%emt 0:00:40]} 37. Nxa5 {[%emt 0:01:48]} Bb1 {[%emt 0:00:38]} 38. Nb3 {[%emt 0:00:38]} d3 {[%emt 0:00:46]} 39. Nc1 {[%emt 0:00:14]} Rf4+ {[%emt 0:00:15]} 40. Ke3 {[%emt 0:00:00]} Re4+ {[%emt 0:00:00]} 41. Kf2 {[%emt 0:17:32]} Rc4 {[%emt 0:01:25]} 42. Nb3 {[%emt 0:03:59]} Rc2+ {[%emt 0:00:17]} 43. Kg3 {[%emt 0:00:01]} Rxb2 {[%emt 0:00:20]} 44. Nc5 {[%emt 0:00:02]} d2 {[%emt 0:02:19]} 45. Rd7 {[%emt 0:04:45]} Bf5 {[%emt 0:02:16]} 46. Rd4 {[%emt 0:00:54]} Rb5 {[%emt 0:00:26]} 47. Na4 {[%emt 0:02:39]} Rb3+ {[%emt 0:01:12]} 48. Kf2 {[%emt 0:00:13]} Bd3 {[%emt 0:00:04]} 0-1

[Event "SRB-ch Semifinal 2021"]
[Site "Paracin"]
[Date "2021.03.21"]
[Round "8.10"]
[White "Kotrla, Sebastian"]
[Black "Abramovic, Bosko"]
[Result "0-1"]
[WhiteElo "2108"]
[BlackElo "2330"]
[Annotator "ChessBase"]
[PlyCount "80"]
[EventDate "2021.03.16"]
[EventType "swiss"]
[EventCountry "SRB"]
[SourceTitle "playchess.com"]
[Source "ChessBase"]
[SourceQuality "1"]
[TimeControl "40/5400+30:1800+30"]

1. d4 {[%emt 0:00:00]} d5 {[%emt 0:00:00]} 2. Nf3 {[%emt 0:00:00]} Nf6 {[%emt 0:00:00]} 3. Bf4 {[%emt 0:00:19]} c5 {[%emt 0:01:41]} 4. c3 {[%emt 0:01:06]} Qb6 {[%emt 0:00:19]} 5. Qb3 {[%emt 0:00:43]} Nc6 {[%emt 0:00:18]} 6. e3 {[%emt 0:01:52]} c4 {[%emt 0:02:09]} 7. Qc2 {[%emt 0:01:38]} Bf5 {[%emt 0:04:04]} 8. Qc1 {[%emt 0:00:11]} Nh5 {[%emt 0:01:48]} 9. Bg3 {[%emt 0:04:44]} Nxg3 {[%emt 0:00:12]} 10. hxg3 {[%emt 0:00:13]} e6 {[%emt 0:00:09]} 11. Nbd2 {[%emt 0:01:03]} Qd8 {[%emt 0:00:23]} 12. Nh4 {[%emt 0:03:45]} Be7 {[%emt 0:00:10]} 13. Nxf5 {[%emt 0:01:27]} exf5 {[%emt 0:00:07]} 14. Be2 {[%emt 0:00:44]} O-O {[%emt 0:02:34]} 15. Qc2 {[%emt 0:00:19]} g6 {[%emt 0:00:07]} 16. a4 {[%emt 0:21:31]} a6 {[%emt 0:05:11]} 17. Bf3 {[%emt 0:00:56]} Qd7 {[%emt 0:01:16]} 18. Qc1 {[%emt 0:07:26]} Rfe8 {[%emt 0:02:04]} 19. b3 {[%emt 0:05:21]} b5 {[%emt 0:04:36]} 20. bxc4 {[%emt 0:11:47]} bxc4 {[%emt 0:00:10]} 21. Kf1 {[%emt 0:00:29]} Rab8 {[%emt 0:02:10]} 22. Bd1 {[%emt 0:11:35]} Na5 {[%emt 0:01:47]} 23. Rb1 {[%emt 0:01:03]} Qd6 {[%emt 0:00:56]} 24. Bc2 {[%emt 0:04:10]} Qa3 {[%emt 0:04:32]} 25. Qxa3 {[%emt 0:01:10]} Bxa3 {[%emt 0:00:06]} 26. Ke2 {[%emt 0:00:21]} Bb2 {[%emt 0:00:28]} 27. Rh6 {[%emt 0:01:13]} Bxc3 {[%emt 0:03:27]} 28. Rbh1 {[%emt 0:00:50]} Rb2 {[%emt 0:01:22]} 29. Kd1 {[%emt 0:00:41]} Bxd2 {[%emt 0:02:56]} 30. Rxh7 {[%emt 0:03:01]} Re6 {[%emt 0:00:13]} 31. Rh8+ {[%emt 0:01:44]} Kg7 {[%emt 0:00:06]} 32. R1h7+ {[%emt 0:01:01]} Kf6 {[%emt 0:00:05]} 33. Kxd2 {[%emt 0:00:37]} Nb3+ {[%emt 0:00:32]} 34. Kc3 {[%emt 0:01:28]} Ra2 {[%emt 0:00:34]} 35. Rf8 {[%emt 0:03:13]} Re7 {[%emt 0:00:26]} 36. Rb8 {[%emt 0:04:01]} Na1 {[%emt 0:04:47]} 37. Rb2 {[%emt 0:01:24]} Ra3+ {[%emt 0:01:01]} 38. Kb4 {[%emt 0:00:44]} Nxc2+ {[%emt 0:00:11]} 39. Rxc2 {[%emt 0:00:14]} Rb3+ {[%emt 0:00:12]} 40. Kc5 {[%emt 0:00:00]} Ke6 {[%emt 0:00:00]} 0-1

[Event "SRB-ch Semifinal 2021"]
[Site "Paracin"]
[Date "2021.03.22"]
[Round "9.1"]
[White "Sedlak, Nikola"]
[Black "Budisavljevic, Luka"]
[Result "1/2-1/2"]
[WhiteElo "2514"]
[BlackElo "2510"]
[Annotator "TA"]
[PlyCount "224"]
[EventDate "2021.03.16"]
[EventType "swiss"]
[EventCountry "SRB"]
[SourceTitle "playchess.com"]
[Source "ChessBase"]
[SourceQuality "1"]

{[%evp 9,224,16,23,20,22,10,43,33,27,31,34,37,37,27,35,37,32,0,0,0,18,-9,0,0,-6,-73,-27,-23,-12,-10,-8,-56,-46,-56,-45,-58,-25,-34,-10,-42,-32,-30,-39,-47,-26,-39,-35,-43,-38,-52,-52,-49,-41,-47,0,0,-4,-222,-229,-229,-229,-256,-239,-243,-169,-165,-177,-162,-177,-173,-133,-133,-133,-133,-133,-133,-133,-141,-141,-181,-133,-141,-141,-133,-133,-141,-141,-157,-141,-141,-141,-141,-133,-150,-119,-160,-150,-195,-211,-204,-195,-232,-232,-230,-192,-206,-158,-289,-265,-1051,-1665,-1720,-1563,-1119,-962,-587,-87,-95,-95,-95,-95,-95,-94,-87,-87,-87,0,-94,-109,-254,-11,-52,-8,-8,-134,-192,-8,-8,-8,-8,-8,-8,0,0,0,-8,-8,-8,-8,-8,-8,-8,-8,-8,-8,-8,-8,-8,-8,-8,-8,-8,-8,-8,-8,-186,-39,-150,-157,-172,-180,-205,-8,-8,-8,-108,-108,-108,-108,-108,-108,-108,-108,-108,-108,-108,0,-108,-8,-8,-8,-8,-8,-8,-8,-8,-8,-8,-8,-8,-8,0,0,-8,0,-8,0,-8,0,-61,-8,-8,-8,-8,-8,-8,-8]} 1. Nf3 c5 2. b3 d5 3. e3 a6 4. Bb2 Nc6 5. d4 cxd4 6. Nxd4 {A06: Réti Opening: 1 Nf3 d5.} Nf6 7. Be2 Qc7 8. O-O {White is slightly better.} e5 9. Nxc6 bxc6 10. c4 Bd6 {[#]} 11. Qc2 $146 ({Predecessor:} 11. Qc1 Qb8 12. Ba3 O-O 13. Rd1 Bf5 14. Bxd6 Qxd6 15. Qa3 Qxa3 16. Nxa3 Rfd8 17. h3 {½-½ (32) Simon,R (2363)-Shulman,B (2421) ICCF email 2007}) 11... Qb8 12. Rd1 O-O 13. Nd2 Be6 14. Rac1 Ra7 15. e4 d4 16. c5 Be7 17. a4 (17. f4 $11) 17... Qb4 18. Bc4 $1 Bg4 19. f3 Bc8 20. Nb1 a5 (20... Qxc5 21. Bxf7+ $1 Kxf7 22. Qxc5 $16) 21. Ba3 Qb8 22. Nd2 Nh5 23. Rb1 Bg5 24. Nf1 Qc7 25. b4 axb4 26. Bxb4 Ba6 27. Be1 Rfa8 28. a5 Be7 29. Bxa6 Rxa6 30. Qc4 Nf6 31. Rb6 R6a7 32. Bb4 Nd7 33. Nd2 $2 {[#]} (33. Rb1 $11 {and White stays safe.}) 33... Bxc5 $1 $19 {[%mdl 576] Deflection} 34. Bxc5 Rxa5 35. Qb4 Nxc5 ({Weaker is} 35... Rxc5 36. Rb7 $16) 36. Rb1 h6 37. Nc4 Rb5 38. Rxb5 cxb5 39. Qxb5 Rc8 40. Nb6 Rb8 41. Rc1 Rxb6 42. Qxc5 Qxc5 43. Rxc5 $17 {[%mdl 4096] Endgame KR-KR} f6 44. Rc7 Kh7 45. Rd7 h5 46. h4 Kh6 47. Kf2 Rb2+ 48. Kg3 Re2 49. Rd6 Kg6 50. Rd7 Rc2 51. Kh3 Kh7 52. Rd5 Rc7 53. f4 Rc3+ ({Not} 53... exf4 54. Rxh5+ Kg6 55. Rd5 $11) 54. Kh2 exf4 55. Rxh5+ Kg6 56. Rd5 Rd3 57. Rd7 Rd1 58. Rd5 (58. Kh3 $17 {was forced.}) 58... d3 $1 $19 {[%cal Rd3d2]} 59. e5 $2 (59. g4) 59... fxe5 60. Rxe5 Kf6 61. Rd5 Ke6 62. Rd8 d2 $2 (62... Kf5 $19 {is more deadly.} 63. Rd6 Ke4) 63. Rd4 Kf5 64. Rd7 Kg6 65. Rd5 Kh7 66. Rh5+ Kg8 $1 67. Rd5 Kf7 ({Black should play} 67... g6 $1 $17 {White must now prevent ...Kf7.} 68. Rd4 Kg7) 68. Rd6 (68. Rd7+ $11 {remains equal.} Ke6 69. Rd4) 68... Ke7 $17 69. Rd3 Kf6 $2 (69... g6 $19 70. Rd4 Ke6) 70. g3 $1 $11 fxg3+ 71. Kg2 Kf5 (71... Ke5 $11 72. Rd8 Ke4) 72. Rd4 (72. Rd7 $17 g6 73. Rd8) 72... g6 $2 (72... Ke6 $19 73. Rd3 Kf5) 73. Rd3 (73. Rd5+ {feels hotter.} Kf6 74. Rd3 Ke5 75. Rd8 Ke4 76. Re8+) 73... Kf4 {Hoping for ...Ke4.} (73... Ke5 {seems wilder.} 74. Rd8 Ke4 75. Rd6 Kf4 76. Rd7 Kg4) 74. Rd6 Ke5 (74... Ke4 {is more complex.} 75. Rd8 Ke3 76. Re8+ Kf4 77. Rd8 Kg4) 75. Rd8 Kf6 76. Rd7 Ke6 (76... g5 $5 77. h5 $8 Ke6 $11) 77. Rd8 (77. Rd3 {is interesting.} Ke5 78. Rd8) 77... Ke5 {Strongly threatening ...Ke4.} 78. Rd7 Ke4 79. Rd8 Ke3 80. Re8+ $1 Kf4 81. Rd8 Kg4 82. Rd4+ Kh5 83. Rd5+ Kxh4 84. Rd4+ Kg5 85. Rd8 $1 Kf4 {And now ...Ke3 would win.} 86. Rf8+ $1 Kg4 (86... Ke3 {feels hotter.} 87. Re8+ Kd4 88. Rd8+ Kc5 89. Rc8+ Kd6) 87. Rd8 {[#]} g5 (87... Kf5 $1 $19 88. Rd4 Ke6) 88. Rd4+ (88. Rd5 $15) 88... Kf5 $17 {Threatens to win with ...Ke5.} 89. Rd5+ Kf4 90. Rd3 Re1 $2 (90... Ke5 $19 {...Kf4 is the strong threat.} 91. Rd7 Kf4) 91. Rxd2 $11 Re4 92. Ra2 {[#]} (92. Kh3 $1 $11) 92... Kg4 $1 $17 93. Rb2 Rf4 {( -> ...Rf2+!)} 94. Rb8 Rf2+ 95. Kg1 Re2 96. Rc8 Rb2 97. Rd8 Re2 (97... Rb4 $17) 98. Rb8 (98. Rc8 $1 $11 {was the only way to keep the balance.}) 98... g2 ({Better is} 98... Rd2 $17) 99. Kh2 $1 $11 Rf2 (99... g1=Q+ $5 100. Kxg1 Re3 $11) 100. Rb4+ Kh5 101. Rb8 $1 Kh4 102. Rh8+ Kg4 103. Ra8 Rd2 (103... g1=Q+ {feels hotter.} 104. Kxg1 Rf3 105. Ra2 Rg3+ 106. Kh1 Rd3) 104. Rb8 Kf3 105. Rf8+ Kg4 106. Rb8 Rf2 107. Ra8 Kf3 (107... g1=R+ {with more complications.} 108. Kxg1 Rf3 109. Ra2 Rg3+ 110. Kh1 Rd3) 108. Ra3+ (108. Rf8+ {seems wilder.} Ke3 109. Re8+ Kd3 110. Rg8 Ke4 111. Rxg5 Kf3 112. Rg3+) 108... Kg4 (108... Ke4 $11) 109. Ra8 $15 g1=Q+ (109... Rb2 $1 $15) 110. Kxg1 $11 {The position is equal.} Kg3 111. Ra1 g4 112. Rb1 Rg2+ {Weighted Error Value: White=0.30/Black=0.10} 1/2-1/2

[Event "SRB-ch Semifinal 2021"]
[Site "Paracin"]
[Date "2021.03.22"]
[Round "9.2"]
[White "Cabarkapa, Novak"]
[Black "Arsovic, Zoran"]
[Result "1-0"]
[WhiteElo "2455"]
[BlackElo "2374"]
[Annotator "TA"]
[PlyCount "77"]
[EventDate "2021.03.16"]
[EventType "swiss"]
[EventCountry "SRB"]
[SourceTitle "playchess.com"]
[Source "ChessBase"]
[SourceQuality "1"]

{[%evp 9,77,18,18,7,10,20,34,35,33,36,40,0,0,0,8,12,408,400,458,455,435,148,237,185,269,266,304,264,394,402,385,381,404,400,389,381,423,407,413,406,402,374,369,332,331,320,306,328,390,366,458,458,464,472,499,450,613,596,619,619,909,904,898,884,1025,1023,1006,1003,1006,966]} 1. b3 c5 2. Bb2 Nc6 3. e3 Nf6 4. Nf3 a6 5. d4 cxd4 6. Nxd4 {A05: Réti Opening: 1 Nf3 Nf6.} Qc7 {[#]} 7. c4 $146 ({Predecessor:} 7. Be2 e5 8. Nf3 d6 9. O-O Be7 10. c4 Be6 11. Nbd2 O-O 12. a3 Rad8 13. Rc1 {1-0 (23) Arostegui Lejarza,J-Vaisman,F (2041) playchess.com INT 2004}) 7... e6 8. Nc3 {White is slightly better.} Be7 9. Be2 O-O 10. g4 Nxd4 11. Qxd4 b5 12. g5 Bb7 $2 {[%mdl 8192] A mistake that costs the game.} 13. gxf6 $18 Bxf6 {[#]} 14. Qxf6 {[%mdl 512] White threatens Nd5! and mate.} Bxh1 {[#]} 15. Qd4 (15. Qxg7+ $3 $18 {[%mdl 512]} Kxg7 16. Nxb5+ {[%mdl 64] Discovered Attack} Qe5 17. Bxe5+ f6 18. Bd6 axb5 19. Bxf8+ Kxf8 20. cxb5) 15... f6 (15... Qxh2 $16 16. cxb5 axb5) 16. O-O-O $40 {[%mdl 128] White goes for the king.} ({Don't play} 16. cxb5 $6 axb5 17. Bxb5 (17. Nxb5 Qxh2 18. Qg4 Bg2 $16) 17... Bc6) 16... Bc6 (16... Qxh2 {was called for.} 17. Qxd7 {[%mdl 64] Double Attack} Rfe8 18. cxb5 axb5) 17. Ba3 ({Much less strong is} 17. cxb5 $6 axb5 18. f4 Rfb8 $16) 17... Rf7 18. Bd6 (18. cxb5 $6 Bxb5 19. Bd6 Qc6 $18) 18... Qa5 (18... Qb7 {might work better.} 19. cxb5 Bxb5 20. Nxb5 axb5) 19. cxb5 axb5 20. Kb2 Rc8 21. Qb4 Qxb4 22. Bxb4 Rb8 23. Bd6 Rb7 24. Rd4 f5 25. Rb4 f4 26. Rxf4 Rxf4 27. Bxf4 ({But not} 27. exf4 $6 b4 $18) 27... b4 28. Na4 Ra7 29. Nc5 g5 30. Bxg5 {White is clearly winning.} Ra5 31. Be7 Kf7 32. Bd6 Ra8 33. Nd3 Rg8 34. Nxb4 Rg2 35. Nxc6 Rxf2 36. Nd4 Kf6 37. Bg3 Rg2 38. Ka3 e5 {[#]} 39. Bf3 $1 {Weighted Error Value: White=0.24/Black=0.46} 1-0

[Event "SRB-ch Semifinal 2021"]
[Site "Paracin"]
[Date "2021.03.22"]
[Round "9.3"]
[White "Ratkovic, Miloje"]
[Black "Stankovic, Milos"]
[Result "1/2-1/2"]
[WhiteElo "2497"]
[BlackElo "2414"]
[Annotator "TA"]
[PlyCount "35"]
[EventDate "2021.03.16"]
[EventType "swiss"]
[EventCountry "SRB"]
[SourceTitle "playchess.com"]
[Source "ChessBase"]
[SourceQuality "1"]

{[%evp 18,19,4,11]} 1. d4 d5 2. c4 e6 3. Nc3 Nf6 4. Nf3 Be7 5. cxd5 exd5 6. Bg5 O-O 7. e3 Re8 8. Qc2 h6 9. Bh4 c6 10. Bd3 {[#]} {Predecessor:} Ne4 $146 {D36: Queen's Gambit Declined: Exchange Variation: Main line (5 Bg5 c6 6 Qc2).} 11. Bxe7 Qxe7 12. Bxe4 dxe4 13. Nd2 f5 14. O-O-O Nd7 15. g4 fxg4 16. Ndxe4 Nb6 17. Ng3 Be6 18. Kb1 {1-0 (47) Carlsen,M (2863)-Firouzja,A (2728) Stavanger 2020} 1/2-1/2